| 000 | 01496nam a22002657a 4500 | ||
|---|---|---|---|
| 999 |
_c22160 _d22160 |
||
| 003 | AR-CdUCM | ||
| 008 | 190425b ||||| |||| 00| 0 spa d | ||
| 040 |
_aMUNICIPALIDAD PROVINCIAL DEL CUSCO _cBIBLIOTECA MUNICIPAL DEL CUSCO |
||
| 082 | _aOropesa/N°35/2000 | ||
| 245 |
_aOropesa : _brevista de cultura y educación de opinión y crítica / _cAmérico Valer Vargas, Director |
||
| 260 |
_aCusco. _bPantigozo, _c2000. |
||
| 300 |
_a22 páginas. : _bilustraciones ; _c30 cm. |
||
| 440 |
_aOropesa. _nAño XIX, N°XXXV, junio 2000. _947577 |
||
| 505 | _aContenido: GUE Inca Garcilaso de la Vega XLIX años de fructífera labor al servicio de la educación cusqueña. Américo Valer Vargas. -- La frustración de la descentralización. -- La educación el neoliberalismo y los valores. -- Las festividades del Cusco. Adolfo Saloma Gonzáles. -- Cesar Vallejo Mendoza uno de los valores más representativos de la literatura hispánica y universal. -- Cusipata Distrito de Quispicanchi. Eloy Chambi Sotomayor. -- Feria de Huancaro ya es parte de la historia del Cusco. -- Deforestación y crisis de leña. Eduardo Gil Mora. | ||
| 650 |
_aPolítica cusqueña _947381 |
||
| 650 |
_aCultura andina _947570 |
||
| 650 |
_aSociedad cusqueña _947493 |
||
| 650 |
_aSiglo XX _947561 |
||
| 700 |
_aValer Vargas, Alejandro _947563 |
||
| 700 |
_aValer Vargas, Américo _947562 |
||
| 700 |
_aSaloma Gonzáles, Adolfo _947572 |
||
| 700 |
_aChambi Sotomayor, Eloy _944300 |
||
| 942 |
_2ddc _cPP |
||
| 945 | _arac | ||